000 01421nam2a22002771 4500
001 v19\rc\1886951
005 20250620093004.0
035 _a(NLR Aleph) 005262883
090 _a5919653
_c5919653
100 _a20080221f19101919|||y0rusy50 ca
101 0 _arus
102 _aRU
105 _ay z |||||
200 1 _a[Беллетристические произведения]
210 _aСанкт-Петербург
_cП.В. Луковников
_d[191-?]
215 _a472 с.
461 0 _1001v19\rc\1886948
_12001#$aПолное собрание сочинений гр. А.К. Толстого$fС портр. гр. Алексея Толстого и критико-биогр. очерком С.А. Венгерова. Т. 1-3$vТ. 3
_95919627
_aТолстой, А.К. (1817-1875)
_cСанкт-Петербург
_d[191-?]
_fС портр. гр. Алексея Толстого и критико-биогр. очерком С.А. Венгерова. Т. 1-3
_nП.В. Луковников
_p3 т.
_tПолное собрание сочинений гр. А.К. Толстого
_vТ. 3
540 1 _aБеллетристические произведения
801 0 _aRU
_bNLR
_c20080221
_gpsbo
801 0 _aRU
_bRuMoRGB
_c20080221
_2psbo
801 1 _aRU
_bProSoft-M
_c20080221
_2rusmarc
801 2 _aRU
_bNLR
_c20080730
_2rusmarc
852 _aNLR
_j37.75.5.3
852 _aNLR
_j129/1761
942 _cBOOK
980 _aNB